[Event "9th LCC FIDE Open 2017"]
[Site "London"]
[Date "2017.12.05"]
[Round "5"]
[White "Bates, Richard A"]
[Black "Handke, Florian"]
[Result "0-1"]
[WhiteElo "2378"]
[BlackElo "2526"]
[Annotator "TA"]
[PlyCount "92"]
[EventDate "2017.??.??"]
[EventCountry "ENG"]
[SourceTitle "playchess.com"]
[Source "ChessBase"]
[SourceQuality "1"]

{[%evp 31,92,14,14,25,10,23,21,28,29,22,18,9,9,9,6,5,20,31,33,0,0,0,0,0,20,0,0,0,16,16,21,8,39,0,4,0,2,0,0,0,0,0,0,-32,-32,-164,-171,-244,-243,-248,-238,-536,-532,-529,-502,-630,-618,-12838,-9550,-11919,-7550,-6444,-6440]} 1. d4 Nf6 2. c4 g6 3. g3 Bg7 4. Bg2 d5 5. cxd5 Nxd5 6. Nf3 O-O 7. O-O Nc6 {[%cal Bb8c6,Bc6a5,Ba5c4][%mdl 32]} 8. e4 Nb6 9. d5 Na5 10. Qe1 Nac4 11. Nc3 e6 12. b3 {D74: Fianchetto Grünfeld: Main Line (5 Nf3 0-0 6 cxd5 Nxd5 7 0-0)} Qf6 13. bxc4 Qxc3 14. Qxc3 Bxc3 15. Rb1 exd5 16. cxd5 Re8 {LiveBook: 4 Games} 17. Bd2 Bg7 18. Rfe1 c6 (18... Bd7 19. Bf4 c6 {½-½ (32) Tkachiev,V (2660)-Cornette,M (2579) Drancy 2016}) 19. dxc6 $146 ({Predecessor:} 19. d6 Be6 {1-0 (33) Fuest,M-Nurbekoglu,M corr 1997}) 19... bxc6 20. Rbc1 Be6 21. Bc3 Bxa2 22. Bxg7 Kxg7 23. Rxc6 Red8 24. Ra1 Be6 25. Ng5 Bd7 26. Rc5 h6 27. Nf3 Be6 28. Ne5 Rd2 (28... a5 {feels hotter.} 29. f4 a4 30. Rb5 Nc4 31. f5 Nxe5 32. fxe6 f6) 29. h4 Rc8 30. Rxc8 Nxc8 31. Nc6 Rd7 32. f4 Rc7 33. e5 Bd7 34. Nb4 (34. Nd4 {keeps more tension.} Rc4 35. Ne2 Rc5 36. Kf2 a5 37. Bf3) 34... Ne7 35. Nd5 Nxd5 36. Bxd5 $11 {[%mdl 4096] Endgame KRB-KRB} Rc5 37. Rd1 a5 {[%cal Ba7a5,Ba5a4,Ba4a3][%mdl 32]} 38. Rd2 {[#]} (38. Be4 $15 Rc7 39. Kf2) 38... Bf5 $1 $19 39. Kf2 (39. e6 $142 fxe6 40. Bf3) 39... a4 40. Ba2 a3 41. e6 $2 (41. Ke3 {was called for.} Rc3+ 42. Kf2) 41... fxe6 {Black is clearly winning.} 42. Bb3 Rc3 43. Bd1 Rd3 44. Rxd3 Bxd3 45. Bb3 Kf6 46. g4 Bb1 {Precision: White = 23%, Black = 79%.} 0-1

[Event "9th LCC FIDE Open 2017"]
[Site "London"]
[Date "2017.12.05"]
[Round "5"]
[White "Gumularz, Szymon"]
[Black "Fernandez, Daniel Howard"]
[Result "1/2-1/2"]
[WhiteElo "2376"]
[BlackElo "2500"]
[Annotator "TA"]
[PlyCount "105"]
[EventDate "2017.??.??"]
[EventCountry "ENG"]
[SourceTitle "playchess.com"]
[Source "ChessBase"]
[SourceQuality "1"]

{[%evp 17,105,12,27,4,0,9,19,19,19,19,20,23,24,18,22,24,20,24,28,19,18,30,29,19,32,16,41,7,8,13,19,6,8,6,3,8,4,3,7,5,10,0,1,0,0,0,0,0,0,0,0,0,0,0,10,0,0,-23,-23,-23,-23,-23,-23,-73,-73,-81,-53,-54,-54,-54,-54,-54,-54,-54,0,-10,-10,-10,0,0,0,-11,0,-12,0,0,0,0,0,0]} 1. c4 b6 2. Nc3 e6 3. e4 c5 4. Nf3 Bb7 5. d4 cxd4 6. Nxd4 Nc6 {A34: Symmetrical English: 2 Nc3, lines with ...d5} 7. Nc2 Nf6 8. Be2 Be7 9. O-O O-O {LiveBook: 3 Games} 10. Be3 Rc8 11. b3 Nb4 $146 ({Predecessor:} 11... Qc7 12. f4 Rfd8 13. Bf3 Qb8 14. Qe2 {½-½ (44) Arribas Lopez,A (2513)-Zherebukh,Y (2632) Norfolk 2017}) 12. e5 Ne4 13. Nxe4 Bxe4 14. Nxb4 Bxb4 15. Qd4 Bc6 16. Rad1 f6 17. exf6 Qxf6 18. Qg4 Bc5 19. Bxc5 bxc5 20. Bd3 Qf4 21. Qh5 h6 22. Qe2 Rf6 23. f3 Rcf8 24. Rfe1 Qd4+ 25. Qf2 Qxf2+ 26. Kxf2 d6 $1 27. Be4 Bxe4 28. Rxe4 $11 {[%mdl 4096] Endgame KRR-KRR} e5 29. Ke3 Kf7 30. f4 exf4+ $1 31. Rxf4 Re8+ 32. Kf3 Rxf4+ 33. Kxf4 {KR-KR} Re2 34. Kf3 Rxa2 35. Rxd6 Ra3 36. Rc6 Rxb3+ 37. Kf2 a5 {[%cal Ba7a5,Ba5a4,Ba4a3][%mdl 32]} 38. Rxc5 a4 39. Ra5 a3 40. c5 Ke6 41. Ra6+ Kd7 42. g4 Rh3 43. Kg2 Rc3 44. Kf2 Kc7 {And now ...Kb7 would win.} 45. c6 g5 46. Kg2 {The position is equal.} Kd6 47. Kf2 Rc2+ 48. Kg3 $1 Rc3+ 49. Kg2 Rc2+ 50. Kg3 Ra2 51. Kh3 Ra1 (51... Kc7 $5) 52. Kg2 Kc7 53. Kh3 {Precision: White = 72%, Black = 66%.} 1/2-1/2

[Event "9th LCC FIDE Open 2017"]
[Site "London"]
[Date "2017.12.05"]
[Round "5"]
[White "Arakhamia-Grant, Ketevan"]
[Black "Bellaiche, Anthony"]
[Result "1/2-1/2"]
[WhiteElo "2350"]
[BlackElo "2499"]
[Annotator "TA"]
[PlyCount "156"]
[EventDate "2017.??.??"]
[EventCountry "ENG"]
[SourceTitle "playchess.com"]
[Source "ChessBase"]
[SourceQuality "1"]

{[%evp 26,156,10,4,10,7,12,4,14,0,33,34,37,35,80,16,19,0,0,0,0,-13,12,0,22,-64,-46,-59,-13,-13,-8,-142,-131,-141,-127,-211,-198,-183,-122,-110,-120,-146,-153,-146,-141,-143,-164,-156,-162,-141,-168,-156,-161,-168,-147,-163,-141,-146,-146,-139,-137,-142,-60,-66,-65,-269,-265,-263,-264,-329,-327,-367,-363,-348,-325,-292,-136,-136,-136,-136,-136,-136,-49,-49,-44,-44,-13,-101,-101,-143,-44,-44,0,-145,0,-95,-44,-44,-14,-14,-14,-14,-14,-14,0,0,0,0,0,-6,-13,-14,-13,-14,-14,-27,-14,-27,-27,-27,-27,-27,-27,-27,-27,-27,0,-27,-27,-27,-27,-27,-27]} 1. e4 e5 2. Nf3 Nc6 3. Bb5 a6 4. Ba4 Nf6 5. O-O b5 6. Bb3 Be7 7. Re1 d6 8. c3 O-O 9. h3 Na5 10. Bc2 c5 11. d4 Qc7 12. d5 Nd7 {C97: Closed Ruy Lopez: Chigorin Defence: 11 d4 Qc7, sidelines} (12... Nc4 13. b3 Nb6 14. a4 Bd7 15. a5 Nc8 16. c4 b4 17. Nbd2 Bd8 18. Nf1 Kh8 19. Ra2 Qb8 20. Be3 Ne7 {1-0 (63) Grischuk,A (2761)-Rapport,R (2694) Geneve 2017}) 13. b3 Nb6 14. Nbd2 {LiveBook: 5 Games} Bd7 {The position is equal.} 15. Nf1 c4 16. b4 Nb7 {[#]} 17. Ng3 $146 ({Predecessor:} 17. g4 a5 18. Ng3 axb4 19. cxb4 Rfc8 20. Kh2 Na4 {1-0 (40) Mekhitarian,K (2551)-Carvalho,H (2153) Campo Grande 2015}) 17... g6 18. Bh6 Rfe8 19. Nh2 Nd8 20. Ng4 (20. Qf3 $16) 20... f6 $1 $11 21. f4 Bxg4 $1 22. Qxg4 Nf7 23. Nf5 $1 Bf8 24. Bxf8 Rxf8 25. g3 ({White should try} 25. fxe5 $11 Nxe5 26. Qg3) 25... a5 $36 {[%mdl 2048] Black is pushing.} 26. a3 Ra6 {Threatens to win with ...Qa7.} 27. Ne3 Qa7 28. Rac1 (28. Qd1 $11) 28... axb4 $17 29. axb4 Ra3 $1 30. Bd1 (30. Kg2 $17 {was worth a try.}) 30... Ra1 $1 $19 {[%cal Ra1c1]} 31. Rc2 {[#]} exf4 (31... f5 $1 $19 {[%mdl 512]} 32. Qf3 (32. Nxf5 Nxd5+) 32... Re8) 32. gxf4 $17 Re8 $1 {And now ...Nxd5! would win.} 33. Qf3 {[#]} f5 $1 {[%mdl 512]} 34. exf5 {[#]} Nxd5 $1 {[%mdl 512]} 35. Qxd5 Rxe3 36. Rxe3 Qxe3+ 37. Kg2 Qxf4 38. fxg6 hxg6 39. Rf2 Qg5+ 40. Qxg5 Nxg5 {[%mdl 4096] Endgame KRB-KRN} 41. Bc2 Kg7 $1 42. h4 Nf7 $1 43. Be4 Ne5 ({Black should play} 43... Rc1 $1 $17 {[%cal Rc1c3]} 44. Rf3 Re1) 44. Rd2 $1 $15 Re1 45. Bb7 $2 {[#]} (45. Rd4 $1 $15) 45... Nd3 $1 $19 46. Ra2 Rc1 47. Ra3 {[#]} d5 $1 {[%cal Bd6d5,Bd5d4][%mdl 544]} 48. Bc6 {[#]} (48. Bxd5 Nf4+) 48... d4 $1 {[%cal Rd4c3][%mdl 512]} 49. cxd4 c3 {aiming for ...c2.} (49... Nxb4 50. Bxb5 c3 51. Ba4 $19) 50. Bxb5 c2 (50... Nxb4 $19 {and Black stays clearly on top. Hoping for ...c2.} 51. Ba4 c2) 51. Rxd3 $17 {Rc3 is the strong threat.} (51. Ra7+ $2 Kh6) 51... Rg1+ $1 52. Kxg1 {Rc3 would kill now.} c1=Q+ {KQ-KRB} 53. Kg2 Qc8 (53... Qb2+ $17 54. Kf3 Qxb4) 54. d5 $15 Qg4+ {[%mdl 1024] Black has compensation.} 55. Rg3 $1 {[%cal Rg3g4]} Qe4+ 56. Kf2 (56. Kh3 $1 $11 {remains equal.}) 56... Qd4+ $17 ({But not} 56... Qxd5 57. Bd3 $11) 57. Ke2 Qe5+ ({Much worse is} 57... Qxd5 $6 58. Bd3 $11) (57... Qxh4 $17 58. Kf3 Qh5+ 59. Ke3 Qe5+ 60. Kf2 Qxd5) 58. Kf2 $15 Qd4+ (58... Qf4+ $15 59. Kg2 Qxb4) 59. Ke2 $17 Qe4+ ({Of course not} 59... Qxd5 $6 60. Bd3 $11) 60. Kf2 $1 Qf4+ (60... Qxh4 $17 61. Bd3 g5) 61. Kg2 $15 Qd2+ 62. Kh3 $1 Qxd5 63. Bd3 Qh1+ 64. Kg4 Qb7 65. Kh3 Qxb4 66. Rxg6+ Kf7 67. Rg3 Qb7 68. h5 Qh1+ 69. Kg4 Kf6 70. Bg6 Qd1+ 71. Rf3+ Kg7 72. Kg3 Qe1+ 73. Kg4 Qg1+ 74. Kh3 Qh1+ 75. Kg3 Qe1+ 76. Kg4 Kh6 {Black has an edge.} 77. Rf7 {[%csl Gg6][%cal Rf7h7]} Qe6+ 78. Kf4 {[%csl Gg6][%cal Rf7h7]} Qd6+ {Precision: White = 49%, Black = 57%.} 1/2-1/2

[Event "9th LCC FIDE Open 2017"]
[Site "London"]
[Date "2017.12.05"]
[Round "5"]
[White "Quillan, Gary"]
[Black "Hector, Jonny"]
[Result "0-1"]
[WhiteElo "2344"]
[BlackElo "2493"]
[Annotator "TA"]
[PlyCount "104"]
[EventDate "2017.??.??"]
[EventCountry "ENG"]
[SourceTitle "playchess.com"]
[Source "ChessBase"]
[SourceQuality "1"]

{[%evp 25,104,47,64,66,70,67,52,70,54,53,39,62,95,88,86,92,89,87,102,97,109,101,90,38,68,45,58,0,0,0,0,0,0,0,22,14,8,10,11,14,16,0,0,0,0,-10,0,0,0,-188,-173,-247,-279,-283,-276,-276,-273,-248,-245,-406,-395,-653,-667,-1273,-341,-1385,-1278,-1519,-1247,-1301,-1164,-1077,-823,-749,-592,-1089,-807,-4614,-4614,-5106,-2738]} 1. e4 e5 2. Nf3 Nc6 3. Bb5 a6 4. Ba4 d6 5. c3 f5 6. exf5 Bxf5 7. O-O Bd3 8. Re1 Be7 9. Bc2 Bxc2 10. Qxc2 Nf6 11. d4 O-O 12. d5 {C74: Ruy Lopez: Deferred Steinitz: 5 c3 f5} e4 13. Ng5 Ne5 {[#] LiveBook: 6 Games} 14. Nd2 $146 {White is slightly better.} ({Predecessor:} 14. Ne6 Qd7 15. Nd2 e3 16. Rxe3 Nxd5 17. Nxf8 Nxe3 18. Qxh7+ Kxf8 19. fxe3 Re8 20. e4 d5 21. Nb3 dxe4 22. Be3 Bf6 23. Rf1 Ng4 24. Bd4 Qc6 25. Bc5+ {1-0 (25) Anand,V (2715)-Jussupow,A (2665) Wijk aan Zee 1994}) 14... Qe8 15. Ndxe4 Nxe4 16. Qxe4 {[%csl Gg5][%cal Re4h7] [#]} Bxg5 $1 17. Bxg5 Qh5 18. Bf4 {[%cal Rf4e5]} Ng4 19. Bg3 Nf6 {[#]} 20. Qc4 $1 Nxd5 21. Qb3 Qf7 22. Qxb7 Rab8 23. Qxa6 Rxb2 24. Qc4 (24. Qd3 $16) 24... Nb6 25. Qxf7+ Kxf7 26. Reb1 ({White should play} 26. a4 $14) 26... Rxb1+ $11 27. Rxb1 {[%mdl 4096] Endgame KRB-KRN} Ke6 28. Re1+ Kd7 29. Bh4 Kc6 (29... Rf7 {looks sharper.} 30. f3 c5 31. Re2 Nd5 32. Be1 Kc6) 30. Re7 Rg8 $1 31. f3 Nd5 32. Re4 Ra8 33. Rc4+ Kd7 34. a4 g6 35. Bf2 c5 36. Rh4 h5 37. c4 $2 (37. Be1 $11 {and White stays safe.}) 37... Rxa4 $19 38. cxd5 {KRB-KR} (38. h3 {keeps fighting.} Nb6 39. Rf4) 38... Ra1+ 39. Be1 Rxe1+ {KR-KR} 40. Kf2 Re5 41. Rf4 Rxd5 42. g4 $2 (42. Ke3) 42... Rd2+ 43. Kg3 $2 (43. Ke3 Rxh2 44. Rf6) 43... g5 44. Rf5 h4+ 45. Kh3 c4 {[%cal Bc5c4,Bc4c3,Bc3c2][%mdl 32] Black is clearly winning.} 46. Rxg5 Re2 47. Ra5 c3 48. Ra7+ Kd8 49. Ra8+ Ke7 50. f4 c2 51. Rc8 Kd7 52. Rc3 d5 {Precision: White = 53%, Black = 75%.} 0-1

[Event "9th LCC FIDE Open 2017"]
[Site "London"]
[Date "2017.12.05"]
[Round "5"]
[White "Radovanovic, Jovica"]
[Black "Abergel, Thal"]
[Result "0-1"]
[WhiteElo "2320"]
[BlackElo "2464"]
[Annotator "TA"]
[PlyCount "70"]
[EventDate "2017.??.??"]
[EventCountry "ENG"]
[SourceTitle "playchess.com"]
[Source "ChessBase"]
[SourceQuality "1"]

{[%evp 13,70,11,15,0,0,-21,-19,-20,-16,-19,-16,-29,-11,-14,-16,-42,0,0,0,-20,32,18,55,29,70,27,19,14,60,0,-2,-18,0,-31,-26,-14,-25,-19,-22,-32,-13,-26,0,-13,0,0,0,0,0,-60,-72,-78,-79,-66,-83,-29993,-29994,-29994,-29995]} 1. d4 Nf6 2. c4 b6 3. Nc3 Bb7 4. f3 d5 5. cxd5 Nxd5 6. e4 Nxc3 7. bxc3 e6 {LiveBook: 17 Partien} 8. Rb1 $146 {A50: Damenindisch (ohne e7-e6)} ({Vorgänger:} 8. Be3 Be7 9. Bb5+ c6 10. Ba4 O-O 11. Ne2 b5 12. Bb3 Nd7 13. O-O a5 14. Nf4 c5 15. a4 bxa4 16. Bxa4 cxd4 17. cxd4 {1-0 (47) Granda Zuniga,J (2675)-Anton Guijarro,D (2609) Linares 2014}) 8... Be7 9. Bc4 O-O 10. Ne2 {Die Stellung ist ausgeglichen.} c5 11. O-O Nc6 12. Be3 Qc7 13. Rc1 Rad8 14. Qe1 a6 15. Qf2 b5 16. Bd3 c4 ({Lieber} 16... Rd7 $11) 17. Bb1 e5 18. f4 f6 19. Kh1 Ba3 20. Rcd1 exd4 21. Nxd4 (21. cxd4 $14 Rde8 22. d5) 21... Nxd4 $11 22. Bxd4 {zielt auf Lb6 ab.} Qc6 23. Qg3 Bc5 24. Bxc5 Qxc5 25. e5 {[#] Dh3 ist eine echte Drohung.} Qe7 {Und ...fxe5 würde nun gewinnen.} 26. Qh4 g6 27. h3 Rde8 28. Qg3 Kh8 {[%cal Rf6e5]} 29. Rfe1 fxe5 30. Rxe5 Qf6 31. Rd7 ({Günstiger ist} 31. Kh2 $11) 31... Bc6 $36 {[%mdl 2048] Schwarz ist am Drücker.} 32. Ra7 Rxe5 33. fxe5 Qe6 $1 {Und weiter mit ...Tf1+ wäre nett.} 34. Qh4 $2 {[%mdl 8192] [#]} (34. Kh2 $17) 34... Rf1+ 35. Kh2 Qxe5+ {Precision: Weiß = 40%, Schwarz = 48%.} 0-1

[Event "9th LCC FIDE Open 2017"]
[Site "London"]
[Date "2017.12.06"]
[Round "6"]
[White "Motylev, Alexander"]
[Black "Hambleton, Aman"]
[Result "1/2-1/2"]
[WhiteElo "2675"]
[BlackElo "2474"]
[Annotator "TA"]
[PlyCount "143"]
[EventDate "2017.??.??"]
[EventCountry "ENG"]
[SourceTitle "playchess.com"]
[Source "ChessBase"]
[SourceQuality "1"]

{[%evp 18,143,38,25,46,33,62,54,56,46,59,54,64,50,57,57,55,0,0,0,0,0,0,0,0,0,0,0,0,0,4,4,12,6,0,0,0,-37,-9,-40,-40,-63,-55,-46,-54,-71,-59,-64,-63,-70,-69,-69,-70,-66,-59,-63,-70,-211,-206,-172,-29,-43,-8,-53,-40,-28,-29,-26,-32,-135,-119,-118,-118,-182,-177,-149,-137,-140,-150,-157,-149,-153,-151,-135,-96,-131,-103,-101,-129,-108,-91,-96,-97,-97,-97,-97,-98,-93,-93,-495,-393,-964,-913,-913,-789,-653,-262,-233,0,-286,0,-190,0,0,0,0,0,0,0,0,0,0,0,0,0,0,0,0]} 1. e4 c5 2. Nf3 e6 3. d4 cxd4 4. Nxd4 Nc6 5. Nc3 Qc7 6. Be3 a6 7. a3 b5 8. Nxc6 Qxc6 9. Be2 Bb7 {B49: Sicilian: Taimanov: 5 Nc3 Qc7 6 Be3 a6 7 Be2} 10. O-O {LiveBook: 12 Games} Bd6 $146 ({Predecessor:} 10... Rc8 11. f4 Bc5 12. Bxc5 Qxc5+ 13. Kh1 d6 14. Bf3 Nf6 15. Qe1 e5 16. Rd1 O-O 17. f5 {0-1 (40) Li,R (2574)-Ramirez,A (2550) Saint Louis 2017}) 11. Qd4 e5 {White is slightly better.} 12. Qd3 Nf6 {[%cal Rf6e4]} 13. Rad1 Bc5 14. Nd5 Nxd5 15. exd5 Qd6 16. Bxc5 Qxc5 17. c4 (17. b4 $14 Qd6 18. a4) 17... bxc4 $11 18. Qxc4 Qxc4 19. Bxc4 Rc8 20. Bd3 Rc5 21. d6 O-O 22. Rfe1 g6 23. b4 Rd5 24. Bc2 Rxd1 25. Rxd1 {[%mdl 4096] Endgame KRB-KRB} Bc6 26. Re1 f6 27. Rc1 a5 28. bxa5 Ra8 29. Bb3+ Kf8 {[%mdl 1024] Black has compensation.} 30. Rc5 Rb8 $1 {[%cal Rb8b3]} 31. Bc2 Kf7 $1 32. f4 Ke6 33. fxe5 fxe5 34. a6 Kxd6 35. Ra5 Rb2 36. a7 Ba8 (36... Rxc2 $2 37. Ra6 $18) 37. Bd3 ({White has to play} 37. Ba4 $1 $15) 37... Rxg2+ $19 38. Kf1 Rb2 (38... Rxh2 $19 39. Bc4 Rh4) 39. Bc4 $11 {aiming for Bd5!} Rd2 40. Rb5 Rc2 $1 {[%cal Rc2c4]} (40... Rxh2 $6 41. Bd5 $1 $14 {[%mdl 512]}) 41. Bg8 Rc7 42. Ra5 $1 h6 {[%cal Bh7h6,Bh6g5,Bg5g4,Bg4g3][%mdl 32]} 43. h4 ({White should play} 43. Bd5 $15 Rc8 44. Bxa8 Rxa8 45. Ra6+ Kc5 46. a4) 43... Rc8 $17 44. Bb3 g5 45. hxg5 (45. Ra6+ $17 {was necessary.} Rc6 46. Ra5) 45... hxg5 $19 46. Kf2 Rf8+ 47. Kg1 g4 48. Rb5 {Rb8 would now be nice for White.} Rc8 49. Rb8 Kc7 50. Rb5 g3 {And now ...Kd6 would win.} 51. Bd5 Bxd5 52. Rxd5 $17 {KR-KR} d6 $1 53. Kg2 Ra8 $1 {[%cal Ra8a7]} 54. Ra5 Kb6 55. Rd5 Kc6 $1 {[%cal Rc6d5]} ({Of course not} 55... Kxa7 $6 56. Rxd6 Kb7 57. Kxg3 $11) 56. Ra5 Kb7 $1 57. Rd5 Rd8 $1 ({Much worse is} 57... Kxa7 $6 58. Rxd6 Kb7 59. Kxg3 $11) 58. Ra5 $2 {[%mdl 8192] [#]} (58. Rb5+ $17 Kxa7 59. Kxg3) 58... Rg8 $1 $19 59. Rd5 $2 {[#]} (59. Ra4 Ra8 60. Rb4+ Kxa7 61. Rb2) 59... Rg6 $1 60. Ra5 Ka8 61. Ra4 Rg7 (61... d5 $142 62. Ra5 Rd6 63. Kxg3 e4) 62. Ra6 Rg6 ({Worse is} 62... Rxa7 63. Rxd6 Rxa3 64. Rg6 $11) 63. Ra4 $1 Rg7 64. Ra6 $1 Rxa7 $2 (64... d5 $19 65. Ra5 Rd7 66. Kxg3 e4) 65. Rxd6 $11 {The position is equal.} Rxa3 66. Re6 Re3 67. Re7 Kb8 68. Rg7 e4 69. Rxg3 Rxg3+ 70. Kxg3 e3 71. Kf3 e2 72. Kxe2 {Precision: White = 61%, Black = 73%.} 1/2-1/2

[Event "9th LCC FIDE Open 2017"]
[Site "London"]
[Date "2017.12.06"]
[Round "6"]
[White "Iturrizaga Bonelli, Eduardo"]
[Black "Akash Pc, Iyer"]
[Result "1/2-1/2"]
[WhiteElo "2665"]
[BlackElo "2390"]
[Annotator "TA"]
[PlyCount "105"]
[EventDate "2017.??.??"]
[EventCountry "ENG"]
[SourceTitle "playchess.com"]
[Source "ChessBase"]
[SourceQuality "1"]

{[%evp 21,105,22,33,0,33,9,16,7,12,-2,39,0,3,1,13,14,27,27,21,8,8,10,13,5,13,0,0,-16,-4,-2,-10,-18,-29,-22,0,0,18,0,20,8,0,0,0,0,0,0,7,7,53,57,47,56,61,55,57,57,147,163,160,162,366,366,364,366,357,294,357,357,357,8,8,8,8,8,8,8,8,8,8,8,8,0,8,0,0,0]} 1. Nf3 Nf6 2. c4 g6 3. g3 Bg7 4. Bg2 O-O 5. O-O d6 6. d4 {[%cal Bd2d4,Bd4d5][%mdl 32]} Nc6 7. Nc3 Bf5 8. d5 Na5 9. Nd4 Bd7 10. b3 c5 11. dxc6 bxc6 {LiveBook: 102 Partien} 12. Nc2 {E62: Königsindisch (6...Sc6)} (12. Bb2 Rb8 13. Rb1 Qc8 14. Re1 Bh3 15. e4 Bxg2 16. Kxg2 Rd8 17. Qe2 e5 18. Nc2 d5 19. exd5 cxd5 20. cxd5 Nxd5 21. Nxd5 Rxd5 {1-0 (53) Korobov,A (2688)-Mazur,S (2459) Minsk 2017}) 12... Rb8 (12... d5 $5) 13. Bf4 {[#]} Nh5 $146 ({Vorgänger:} 13... c5 14. Qd2 Bc6 15. e4 Nd7 16. Rad1 Ba8 {0-1 (40) Khusenkhojaev,M (2377)-Levin,E (2505) St Petersburg 2013}) 14. Bd2 c5 15. Nd5 Nc6 16. Rb1 Nf6 {[%cal Bh5f6,Bf6e8,Be8g7,Bg7e6,Be6d4][%mdl 32]} 17. e4 Ne8 18. Bc3 Bxc3 19. Nxc3 Ng7 20. f4 Ne6 21. Qd2 Ned4 22. Ne3 f6 23. h4 Qe8 24. g4 h6 25. Qf2 Qf7 26. Qg3 Qg7 27. Rf2 Rbd8 28. Rbf1 e6 29. Kh2 Bc8 30. f5 Ne5 31. fxe6 (31. fxg6 {is interesting.} Nxg6 32. Bh3 Bb7 33. Ng2 Bc6 34. Nf4) 31... Bxe6 32. Ncd5 Bxd5 33. Nxd5 g5 34. Nxf6+ Rxf6 (34... Kh8 {is more complex.} 35. hxg5 Qxg5 36. Bh3 Rf7 37. Nd5 Rxf2+ 38. Rxf2 Rg8) 35. Rxf6 {zielt auf hxg5 ab.} gxh4 36. Qxh4 Nxg4+ 37. Kh3 $1 {Droht stark Tg6!} Nxf6 38. Rxf6 {Und e5 würde nun gewinnen.} Rf8 {[#]} ({Lieber} 38... Ne2 $14) 39. e5 $1 $16 Rxf6 40. exf6 Qd7+ $2 (40... Qg6 {ist eine bessere Verteidigung.}) 41. Kh2 $18 Qf5 42. Qg3+ (42. Qxh6 Qe5+ 43. Kh3 Qf5+ 44. Kh2 Qe5+ 45. Kh1 Qe1+ 46. Kh2 Qe5+ $11) 42... Qg5 43. Bd5+ ({Und nicht} 43. Qxd6 Qh4+ 44. Kg1 Qe1+ 45. Kh2 Qh4+ 46. Bh3 Qf2+ 47. Kh1 Qf3+ 48. Kh2 (48. Bg2 $2 Qd1+ 49. Bf1 Qxf1+ $19) 48... Qf2+ 49. Kh1 Qf3+ 50. Kh2 (50. Bg2 $2 Qd1+ 51. Bf1 Qxf1+ $19) 50... Qf2+ $11) 43... Kh7 44. Qxg5 ({Minderwertig wäre} 44. Qxd6 Qh5+ 45. Kg2 Qe2+ 46. Kh3 Qh5+ 47. Kg2 Qe2+ 48. Kh3 Qh5+ 49. Kg2 $11) 44... hxg5 {[%mdl 4096] Endspiel [#] KL-KS} 45. Kg3 $2 ({Weiss braucht} 45. Kh3 $1 $18 {[%cal Rh3g4]} Kg6 46. f7) 45... Kg6 $11 {Die Stellung ist ausgeglichen.} 46. f7 Nf5+ 47. Kf3 Kg7 48. Kg4 Nh6+ $1 49. Kxg5 Nxf7+ 50. Kf5 {Schwarz muss nun Ke6 beachten.} Nd8 $1 51. a3 a5 52. a4 Kf8 $1 53. Kf6 {Precision: Weiß = 35%, Schwarz = 43%.} 1/2-1/2

[Event "9th LCC FIDE Open 2017"]
[Site "London"]
[Date "2017.12.06"]
[Round "6"]
[White "Jones, Gawain C B"]
[Black "Gumularz, Szymon"]
[Result "1/2-1/2"]
[WhiteElo "2654"]
[BlackElo "2376"]
[Annotator "TA"]
[PlyCount "98"]
[EventDate "2017.??.??"]
[EventCountry "ENG"]
[SourceTitle "playchess.com"]
[Source "ChessBase"]
[SourceQuality "1"]

{[%evp 22,98,28,0,0,-20,0,0,0,0,0,0,0,0,0,0,0,0,0,0,14,12,18,16,33,0,0,0,0,0,0,0,0,0,0,0,0,0,0,0,0,0,0,0,0,0,0,0,0,0,0,0,0,0,0,0,0,0,0,0,0,0,0,0,0,0,0,0,0,0,0,0,0,0,0,0,0,0,0]} 1. e4 c6 2. d4 d5 3. Nc3 dxe4 4. Nxe4 Bf5 5. Ng3 Bg6 6. h4 h6 7. Nf3 e6 8. Ne5 Bh7 9. Bd3 Bxd3 10. Qxd3 Nd7 {B19: Classical Caro-Kann: 4...Bf5 main line} 11. f4 (11. Bf4 Qa5+ 12. c3 Ngf6 13. O-O Be7 14. Nc4 Qd5 15. Ne3 Qb5 16. c4 Qa5 17. b4 Qd8 18. d5 {½-½ (55) Sutovsky,E (2683)-Caruana,F (2799) Douglas 2017}) 11... Be7 12. Nh5 {LiveBook: 5 Games} Ngf6 13. Nxg7+ Kf8 14. Nxe6+ fxe6 15. Bd2 Rh7 $1 {[#]} 16. Rh3 $146 ({Predecessor:} 16. g4 Kg8 17. Rg1 Nxe5 18. fxe5 {0-1 (38) Gharamian,T (2624)-Iturrizaga Bonelli,E (2652) Lisbon 2017}) 16... Rg7 {White must now prevent ...Nxe5.} 17. f5 $1 Nxe5 ({Don't do} 17... Rxg2 18. Ng6+ Ke8 19. O-O-O $17) 18. dxe5 Qxd3 19. Rxd3 Rxg2 {[#] Threatens to win with ...Rg1+.} 20. exf6 Bxf6 21. O-O-O exf5 22. Bxh6+ Kg8 $1 23. h5 Re8 {The position is equal.} 24. Re3 Rxe3 25. Bxe3 Bg5 26. Bxg5 Rxg5 $11 {[%mdl 4096] Endgame KR-KR} 27. Rd8+ Kh7 28. Ra8 a6 29. Rb8 Kh6 30. Rxb7 Kxh5 31. Rb6 Rg6 32. Kd2 Re6 33. Rxa6 f4 34. Ra8 f3 35. a4 Kg4 36. b4 f2 37. Rf8 Kg3 38. Kd3 Re8 39. Rf6 Re6 40. Rf8 Re8 41. Rf6 Re6 42. Rxf2 Kxf2 {KR-K3P} 43. Kd4 Re2 44. c3 Ra2 45. a5 Ke2 46. Kc5 Kd3 47. Kxc6 Kxc3 48. b5 Rxa5 49. b6 Ra6 {Precision: White = 86%, Black = 88%.} 1/2-1/2